Профессору В. С. Логинову - 70 лет; Известия Томского политехнического университета [Известия ТПУ]; Т. 321, № 4 : Энергетика

Detaylı Bibliyografya
Parent link:Известия Томского политехнического университета [Известия ТПУ]/ Томский политехнический университет (ТПУ).— , 2000-
Т. 321, № 4 : Энергетика.— 2012.— [С. 186-187]
Özet:Заглавие с титульного листа
Электронная версия печатной публикации
Исполнилось 70 лет со дня рождения и 47 лет инженерной и научно-педагогической деятельности доктора физико-математических наук, профессора Томского политехнического университета Владимира Степановича Логинова.
Dil:Rusça
Baskı/Yayın Bilgisi: 2012
Seri Bilgileri:Наши юбиляры
Konular:
Online Erişim:http://earchive.tpu.ru/bitstream/11683/4487/1/bulletin_tpu-2012-321-4-41.pdf
Materyal Türü: MixedMaterials Elektronik Kitap Bölümü
KOHA link:https://koha.lib.tpu.ru/cgi-bin/koha/opac-detail.pl?biblionumber=231762

MARC

LEADER 00000nla2a2200000 4500
001 231762
005 20231101231119.0
035 |a (RuTPU)RU\TPU\book\252788 
035 |a RU\TPU\book\252787 
090 |a 231762 
100 |a 20130206d2012 k y0rusy50 ca 
101 0 |a rus 
102 |a RU 
135 |a drnn ---uucaa 
181 0 |a i  
182 0 |a b 
200 1 |a Профессору В. С. Логинову - 70 лет  |b Электронный ресурс 
203 |a Текст  |c электронный 
215 |a 1 файл (412 Кб) 
225 1 |a Наши юбиляры 
230 |a Электронные текстовые данные (1 файл : 412 Кб) 
300 |a Заглавие с титульного листа 
300 |a Электронная версия печатной публикации 
330 |a Исполнилось 70 лет со дня рождения и 47 лет инженерной и научно-педагогической деятельности доктора физико-математических наук, профессора Томского политехнического университета Владимира Степановича Логинова. 
337 |a Adobe Reader 
461 1 |0 (RuTPU)RU\TPU\book\176237  |t Известия Томского политехнического университета [Известия ТПУ]  |f Томский политехнический университет (ТПУ)  |d 2000- 
463 1 |0 (RuTPU)RU\TPU\book\251719  |x 1684-8519  |t Т. 321, № 4 : Энергетика  |v [С. 186-187]  |d 2012  |p 204 с. 
600 1 |a Логинов  |b В. С.  |c специалист в области теплотехники  |c профессор Томского политехнического университета, доктор физико-математических наук  |f 1942-  |g Владимир Степанович  |y Томск  |2 stltpush  |3 (RuTPU)RU\TPU\pers\22705  |9 9738 
610 1 |a труды учёных ТПУ 
610 1 |a электронный ресурс 
801 1 |a RU  |b 63413507  |c 20090623  |g PSBO 
801 2 |a RU  |b 63413507  |c 20190517  |g PSBO 
856 4 |u http://earchive.tpu.ru/bitstream/11683/4487/1/bulletin_tpu-2012-321-4-41.pdf 
942 |c CF